000 00310nam a22001457a 4500
008 221118b ||||| |||| 00| 0 eng d
020 _a0309035767
041 _aeng
080 _a159.9
082 _a159.9PER
100 _a25
101 _aPSI
245 _aELEMENTARY-PRATICLE
_cPERL M
942 _2udc
_cBK
999 _c58954
_d58954